书目信息 |
| 题名: |
《中国图书馆图书分类法·期刊分类表》实用指南
|
|
| 作者: | 安鸿书 编著 | |
| 分册: | ||
| 出版信息: | 北京 书目文献出版社 1998.09 |
|
| 页数: | 255页 | |
| 开本: | 32开 | |
| 丛书名: | ||
| 单 册: | ||
| 中图分类: | G255.2 | |
| 科图分类: | ||
| 主题词: | 期刊分类法--使用--中国--指南 , 图书馆事业 | |
| 电子资源: | ||
| ISBN: | 7-5013-1511-6 | |
| 000 | 00672nam0 2200205 45 | |
| 001 | 0301161492 | |
| 005 | 20031219104103.5 | |
| 010 | @a7-5013-1511-6@dCNY13.00 | |
| 100 | @a20030116d1998 km y0chiy0120 ea | |
| 101 | 0 | @achi |
| 105 | @a z 000yy | |
| 200 | 1 | @a《中国图书馆图书分类法·期刊分类表》实用指南@A《Zhong Guo Tu Shu Guan Tu Shu Fen Lei Fa·Qi Kan Fen Lei Biao》Shi Yong Zhi Nan@f安鸿书编著@FAn Hong Shu Bian Zhu |
| 210 | @a北京@c书目文献出版社@d1998.09 | |
| 215 | @a255页@d32开 | |
| 606 | 0 | @a期刊分类法@x使用@y中国@x指南 |
| 606 | 0 | @a图书馆事业 |
| 690 | @aG255.2@v4 | |
| 701 | @a安鸿书@4编著 | |
| 801 | @aCN@bTSTC@c20030116 | |
| 905 | @b319479@dG255.2@e21@f1 | |
| 《中国图书馆图书分类法·期刊分类表》实用指南/安鸿书编著.-北京:书目文献出版社,1998.09 |
| 255页;32开 |
| ISBN 7-5013-1511-6:CNY13.00 |
| ● |
| 相关链接 |
|
|
|
|
正题名:《中国图书馆图书分类法·期刊分类表》实用指南
索取号:G255.2/21
 
预约/预借
| 序号 | 登录号 | 条形码 | 馆藏地/架位号 | 状态 | 备注 |
| 1 | 0319479 | 203194792 | 第一样本阅览室/ [索取号:G255.2/21] | 在馆 |